Characterisation of polycrystalline ZnO heterostructures and devices = Charakterizácia vlastností polykryštalickýchvrstiev ZnO a prvkov na báze heteropriechodov

Enregistré dans:
Détails bibliographiques
Auteur principal: Hotový, Juraj, 1985- (Auteur)
Autres auteurs: Kováč, Jaroslav, 1947- (Directeur de thèse)
Format: Manuscrit Livre
Langue:anglais
Publié: Bratislava : STU v Bratislave FEI, 2009
Sujets:
Tags: Ajouter un tag
Pas de tags, Soyez le premier à ajouter un tag!

MARC

LEADER 00000ntm a22000003a 4500
001 stu195320
005 20150617230022.1
008 091102s2009------------------------eng-d
040 |a STU  |b slo 
041 0 |a eng 
100 1 |a Kováč, Jaroslav,  |d 1947-  |4 ths  |u E030  |U FEI Fakulta elektrotechniky a informatiky  |T FEI Ústav elektroniky a fotoniky  |X 2102  |U E030  |Y 549  |7 A000002102 
245 1 |a Characterisation of polycrystalline ZnO heterostructures and devices = Charakterizácia vlastností polykryštalickýchvrstiev ZnO a prvkov na báze heteropriechodov 
260 |a Bratislava :  |b STU v Bratislave FEI,  |c 2009 
300 |a 59 s 
650 7 |a elektronika  |2 stusub 
650 7 |a Mikroelektronika  |2 stusub 
650 7 |a polykryštalické vrstvy  |2 stusub 
650 7 |a ZnO  |2 stusub 
650 7 |a heteropriechody  |2 stusub 
700 1 |a Hotový, Juraj,  |d 1985-  |4 aut  |u E030  |U FEI Fakulta elektrotechniky a informatiky  |T FEI Ústav elektroniky a fotoniky  |X 11404  |U E030  |Y 549  |7 A000011404